OpałxGibbs-Odbierz Mnie: tekst - Statystyki

Ogólne statystyki
  • Ten quiz został rozwiązany 46 razy
  • Średni wynik to 193 z 298
Statystyki odpowiedzi
słowa % Poprawnych
mnie
100%
odbierz
100%
po
96%
z
96%
i
92%
ja
92%
tylko
92%
w
92%
będę
88%
kiedy
88%
mały
88%
mój
88%
88%
świat
88%
znów
88%
a
83%
sam
83%
Nowy
79%
jak
79%
Mała
79%
mi
79%
porcie
79%
to
79%
by
75%
chuj
75%
kurs
75%
na
75%
nie
75%
parę
75%
słów
75%
źle
75%
co
71%
eskę
71%
gdzie
71%
gdzieś
71%
już
71%
nocy
71%
poustawiani
71%
rap
71%
że
71%
znowu
71%
być
67%
do
67%
jaki
67%
jest
67%
jestem
67%
kurwa
67%
mam
67%
normalny
67%
przyśnił
67%
przywiał
67%
ran
67%
sen
67%
się
67%
tęsknie
67%
branży
63%
daleko
63%
fart
63%
jakiej
63%
każdy
63%
latałem
63%
miałem
63%
pisałem
63%
powiedz
63%
pracuje
63%
rzędzie
63%
strach
63%
wiatr
63%
zmodulowany
63%
chce
58%
chcę
58%
chuja
58%
czaisz
58%
czemu
58%
drodze
58%
gdy
58%
innej
58%
jakby
58%
kawałki
58%
kontakty
58%
mówiłaś
58%
nadaję
58%
nas
58%
niech
58%
nim
58%
nocą
58%
oceniasz
58%
opuszcza
58%
pogadamy
58%
połączeń
58%
poręczne
58%
premedytacją
58%
przez
58%
rapera
58%
spisie
58%
szukać
58%
taki
58%
trzymaj
58%
tym
58%
urwane
58%
wibracji
58%
wiesz
58%
wyciszony
58%
był
54%
chcą
54%
czas
54%
dogadamy
54%
dzwonić
54%
go
54%
jebany
54%
league
54%
medytacji
54%
melanż
54%
nam
54%
przestaje
54%
ratować
54%
rocket
54%
rzucił
54%
sprzyjał
54%
sygnał
54%
takim
54%
tchu
54%
tłami
54%
typo
54%
wszyscy
54%
wyjątkowi
54%
wypadku
54%
zatraciłem
54%
autami
50%
bani
50%
idole
50%
jej
50%
latamy
50%
lecz
50%
ludzi
50%
mieście
50%
oczyszczam
50%
pancerz
50%
pękam
50%
plan
50%
poczuwam
50%
polec
50%
przestrzeń
50%
skorupa
50%
słyszałem
50%
styl
50%
szlak
50%
takie
50%
twoi
50%
uszach
50%
warci
50%
ci
46%
daje
46%
flanger
46%
forsa
46%
jakiś
46%
nigdy
46%
podrabiani
46%
porwał
46%
przetnę
46%
puszczam
46%
siedzi
46%
spokój
46%
sprawdził
46%
swoją
46%
tego
46%
tutaj
46%
ust
46%
ale
42%
biały
42%
dalej
42%
kablem
42%
pocztę
42%
saper
42%
syf
42%
ten
42%
tłumić
42%
więc
42%
więcej
42%
wiersz
42%
kreski
38%
nagrałem
38%
smutny
38%
togepi
38%
wiemy
38%
wzroku
38%
zasięgu
38%
życie
38%
krótki
33%
ktoś
33%
opresji
33%
tabletki
33%
widziałem
33%
yeah
33%
zwale
33%
Bridge
25%
Refren
25%
wyciągnął
17%
Nie znaleziono quizów pasujących do podanych kryteriów
Rozkład punktacji
Procent ludzi z każdym wynikiem
Percentyl według liczby udzielonych odpowiedzi
Twoja historia wyników
Nie rozwiązałeś tego quizu